书目信息 |
| 题名: |
华为管理
|
|
| 作者: | 王永红 著 | |
| 分册: | ||
| 出版信息: | 广州 广东经济出版社 2018 |
|
| 页数: | 240页 | |
| 开本: | 23cm | |
| 丛书名: | ||
| 单 册: | ||
| 中图分类: | F632.765 | |
| 科图分类: | ||
| 主题词: | 通信企业--企业经营管理--经验--深圳 | |
| 电子资源: | ||
| ISBN: | 978-7-5454-5938-8 | |
| 000 | 00839nam0 2200241 45 | |
| 001 | 012001003865 | |
| 005 | 20140926114741.0 | |
| 010 | @a978-7-5454-5938-8@dCNY49.80 | |
| 100 | @a20180315d2018 em y0chiy50 ea | |
| 101 | 0 | @achi |
| 102 | @aCN@b440000 | |
| 105 | @ay z 000yy | |
| 106 | @ar | |
| 200 | 1 | @a华为管理@9hua wei guan li@e任正非的12堂经营管理课@f王永红著 |
| 210 | @a广州@c广东经济出版社@d2018 | |
| 215 | @a240页@d23cm | |
| 330 | @a本书共分12章,内容包括:“关于企业:忽略客户的企业没有存在理由”“关于用人:脚踏实地的奋斗者才能成事”“关于制度:强化控制能让管理更有效”等。 | |
| 510 | 1 | @aHuawei management@zeng |
| 606 | 0 | @a通信企业@x企业经营管理@x经验@y深圳 |
| 690 | @aF632.765@v5 | |
| 701 | 0 | @a王永红@9wang yong hong@c(股权设计专家)@4著 |
| 801 | 0 | @aCN@b上海新华@c20180901 |
| 905 | @b1163698-702@dF632.765@e14@f5 | |
| 华为管理:任正非的12堂经营管理课/王永红著.-广州:广东经济出版社,2018 |
| 240页;23cm |
| ISBN 978-7-5454-5938-8:CNY49.80 |
| 本书共分12章,内容包括:“关于企业:忽略客户的企业没有存在理由”“关于用人:脚踏实地的奋斗者才能成事”“关于制度:强化控制能让管理更有效”等。 |
| ● |
| 相关链接 |
|
|
|
|
正题名:华为管理
索取号:F632.765/14
 
预约/预借
| 序号 | 登录号 | 条形码 | 馆藏地/架位号 | 状态 | 备注 |
| 1 | 1163698 | 211636988 | 第一样本阅览室/ [索取号:F632.765/14] | 在馆 | |
| 2 | 1163699 | 211636997 | 第一借阅区/ [索取号:F632.765/14] | 在馆 | |
| 3 | 1163700 | 211637004 | 密集书库-海洋学院/ [索取号:F632.765/14] | 在馆 | |
| 4 | 1163701 | 211637013 | 第一借阅区/ [索取号:F632.765/14] | 在馆 | |
| 5 | 1163702 | 211637022 | 第一借阅区/ [索取号:F632.765/14] | 在馆 |